Schaum’s outline of theory and problems of fourier analysis : (Record no. 22435)

MARC details
000 -LEADER
fixed length control field 01620cam a22003735i 4500
001 - CONTROL NUMBER
control field 3614726
003 - CONTROL NUMBER IDENTIFIER
control field EG-ScBUE
005 - DATE AND TIME OF LATEST TRANSACTION
control field 20250323091953.0
008 - FIXED-LENGTH DATA ELEMENTS--GENERAL INFORMATION
fixed length control field 731128t1974 nyua f 001 0 eng d
020 ## - INTERNATIONAL STANDARD BOOK NUMBER
International Standard Book Number 0070602190
020 ## - INTERNATIONAL STANDARD BOOK NUMBER
International Standard Book Number 9780070602199
040 ## - CATALOGING SOURCE
Original cataloging agency EG-ScBUE
Language of cataloging eng
Description conventions rda
Transcribing agency EG-ScBUE
Modifying agency EG-ScBUE
082 04 - DEWEY DECIMAL CLASSIFICATION NUMBER
Classification number 515.2433076
Item number SPI
Edition number 22
100 1# - MAIN ENTRY--PERSONAL NAME
Personal name Spiegel, Murray R.,
9 (RLIN) 2617
Relator term author.
245 10 - TITLE STATEMENT
Title Schaum’s outline of theory and problems of fourier analysis :
Remainder of title with applications to boundary value problems /
Statement of responsibility, etc by Murray R. Spiegel, Ph.D., former professor and chairman, Mathematics Department, Rensselaer Polytechnic Institute, Harvard Graduate Center.
246 30 - VARYING FORM OF TITLE
Title proper/short title Theory and problems of fourier analysis :
Remainder of title with applications to boundary value problems
246 30 - VARYING FORM OF TITLE
Title proper/short title Theory and problems of fourier analysis
264 #1 - PUBLICATION, DISTRIBUTION, ETC. (IMPRINT)
Place of publication, distribution, etc New York :
Name of publisher, distributor, etc McGraw-Hill,
Date of publication, distribution, etc [1974]
264 #4 - PUBLICATION, DISTRIBUTION, ETC. (IMPRINT)
Date of publication, distribution, etc c1974
300 ## - PHYSICAL DESCRIPTION
Extent 191 pages :
Other physical details illustrations ;
Dimensions 28 cm.
336 ## - CONTENT TYPE
Source rdacontent
Content type term text
Content type code txt
337 ## - MEDIA TYPE
Media type term unmediated
Source rdamedia
Media type code n
338 ## - CARRIER TYPE
Carrier type term volume
Carrier type code nc
Source rdacarrier
490 0# - SERIES STATEMENT
Series statement Schaum’s outline series
500 ## - GENERAL NOTE
General note Includes index.<br/>
500 ## - GENERAL NOTE
General note Includes appendix.<br/>
650 #7 - SUBJECT ADDED ENTRY--TOPICAL TERM
Topical term or geographic name as entry element Fourier analysis.
Source of heading or term BUEsh
9 (RLIN) 41292
650 #7 - SUBJECT ADDED ENTRY--TOPICAL TERM
Topical term or geographic name as entry element Boundary value problems.
Source of heading or term BUEsh
9 (RLIN) 18377
655 ## - INDEX TERM--GENRE/FORM
Form subdivision Reading book
856 42 - ELECTRONIC LOCATION AND ACCESS
Materials specified Publisher description
Uniform Resource Identifier <a href="http://www.loc.gov/catdir/description/mh022/73021520.html">http://www.loc.gov/catdir/description/mh022/73021520.html</a>
856 41 - ELECTRONIC LOCATION AND ACCESS
Materials specified Table of contents
Uniform Resource Identifier <a href="http://www.loc.gov/catdir/toc/mh021/73021520.html">http://www.loc.gov/catdir/toc/mh021/73021520.html</a>
856 42 - ELECTRONIC LOCATION AND ACCESS
Materials specified Contributor biographical information
Uniform Resource Identifier <a href="http://www.loc.gov/catdir/enhancements/fy1012/73021520-b.html">http://www.loc.gov/catdir/enhancements/fy1012/73021520-b.html</a>
942 ## - ADDED ENTRY ELEMENTS (KOHA)
Source of classification or shelving scheme Dewey Decimal Classification
Koha item type Book - Borrowing
Holdings
Withdrawn status Lost status Source of classification or shelving scheme Damaged status Not for loan Collection code Home library Current library Shelving location Date acquired Source of acquisition Cost, normal purchase price Total Checkouts Full call number Barcode Date last seen Koha item type
    Dewey Decimal Classification     Baccah Central Library Central Library First floor 01/10/2016 Purchase 300.00   515.2433076 SPI 000033778 15/07/2025 Book - Borrowing